000 00383nam a2200145 i 4500
001 bg
100 1 _aPIETRZAK, Jacek
245 0 _aObliczanie kratownic przy użyciu teorii sieci /
_cJacek Pietrzak, Jadwiga Poplewska.
260 _aWarszawa,
_c1976.
700 1 _aPOPLEWSKA, Jadwiga
040 _cBPK
041 _apol
942 _cKS
008 s pl f |000 0 pol
999 _c27342
_d27342
856 _uhttp://koha.tu.koszalin.pl/cgi-bin/koha/opac-detail.pl?biblionumber=27342
_yKatalog online BPK